00761nam a22002295i 450000100060000000300090000600500170001500700030003200800410003502000180007604000220009408000150011610000360013124500490016726000550021630000200027149000130029183000210030485200670032599900170039295201220040911718ES-MaACL20230906150147.0t|931014s1993 sp ||||0| spa j a84-7492-653-X aM-BN bspa cM-BN a860-14"19"1 aAlbert Robatto, Matilde.91932810aMágica saudade / cMatilde Albert Robatto. aSada, A Coruña : bEdiciós do Castro, c[1993] a49 p ; c19 cm.1 aPoesía0 aPoesía9177794 aES-MaACLjL-19082 bR.125234 q. - Ded. autógr. de la autora c11718d11718 00104070aATENEOMbATENEOMcDEPO2d2008-01-17eSCl0oL-19082p1011943r2023-02-23 00:00:00w2023-02-23yMONOGRAFIA